[Event "Canadian op"]
[Site "Calgary"]
[Date "2023.07.30"]
[Round "10"]
[White "Nguyen, Kim"]
[Black "Zhang, Brian"]
[Result "1-0"]
[WhiteElo "2015"]
[BlackElo "1966"]
[PlyCount "109"]
[EventDate "2023.07.22"]
[EventType "swiss"]
[EventRounds "10"]
[EventCountry "CAN"]
[SourceTitle "EXT 2024"]
[Source "ChessBase"]
[SourceDate "2023.10.10"]
[SourceVersion "1"]
[SourceVersionDate "2023.10.10"]
[SourceQuality "1"]

1. c4 c6 2. e3 d5 3. Nf3 Nf6 4. Nc3 e6 5. d4 Nbd7 6. cxd5 exd5 7. Bd3 Bd6 8. Nh4 g6 9. f4 Qe7 10. 0-0 Ne4 11. Nf3 0-0 12. Bxe4 dxe4 13. Ne5 f6 14. Nc4 Bc7 15. a4 Nb6 16. Nd2 f5 17. a5 Nd5 18. Nxd5 cxd5 19. Qb3 Rd8 20. Nb1 Bb8 21. Bd2 Be6 22. Rc1 Bd6 23. Nc3 Rac8 24. Nb5 Bb8 25. g3 a6 26. Bb4 Qf7 27. Nc3 Bd7 28. Bc5 Bc6 29. Rc2 Bd6 30. Bb6 Bc7 31. Rac1 Bxb6 32. Qxb6 Rc7 33. Na2 Rdc8 34. Rc5 g5 35. fxg5 Qh5 36. Qb4 Qxg5 37. Qd2 h5 38. Nb4 h4 39. Qf2 Rg7 40. Kg2 hxg3 41. hxg3 Rf8 42. Qf4 Qh5 43. Rh1 Qe2+ 44. Qf2 Rxg3+ 45. Kxg3 Qg4+ 46. Kh2 Kf7 47. Qg3 Qe2+ 48. Kg1 Rg8 49. Qxg8+ Kxg8 50. Nxc6 Qxe3+ 51. Kh2 Qf2+ 52. Kh3 bxc6 53. Rxc6 f4 54. Rg6+ Kf7 55. Rhg1 1-0

[Event "Canadian op"]
[Site "Calgary"]
[Date "2023.07.27"]
[Round "7"]
[White "Wang, Chengjun Patrick"]
[Black "Zhang, Brian"]
[Result "0-1"]
[WhiteElo "1622"]
[BlackElo "1966"]
[PlyCount "76"]
[EventDate "2023.07.22"]
[EventType "swiss"]
[EventRounds "10"]
[EventCountry "CAN"]
[SourceTitle "EXT 2024"]
[Source "ChessBase"]
[SourceDate "2023.10.10"]
[SourceVersion "1"]
[SourceVersionDate "2023.10.10"]
[SourceQuality "1"]

1. e4 c5 2. Nf3 d6 3. d4 cxd4 4. Nxd4 Nf6 5. Nc3 a6 6. Bg5 e6 7. f4 Be7 8. Qd2 Qc7 9. 0-0-0 Nbd7 10. Be2 b5 11. Bf3 Bb7 12. a3 Rc8 13. Rhe1 Nb6 14. e5 Nc4 15. Qe2 dxe5 16. fxe5 Nd5 17. Ne4 Nc3 18. Nxc3 Bxg5+ 19. Kb1 Nxb2 20. Ncxb5 axb5 21. Qxb5+ Kf8 22. Qxb2 Bxf3 23. gxf3 Rb8 24. Nb3 g6 25. Rd4 Kg7 26. f4 Be7 27. Red1 Qb6 28. a4 Rhc8 29. R1d3 Bb4 30. Rd7 Qg1+ 31. Ka2 Ra8 32. a5 Bxa5 33. Nxa5 Rxa5+ 34. Ra3 Rxa3+ 35. Qxa3 Rxc2+ 36. Kb3 Qb1+ 37. Ka4 Ra2 38. Ka5 Rxa3# 0-1

[Event "Canadian op"]
[Site "Calgary"]
[Date "2023.07.23"]
[Round "2"]
[White "Zhang, Brian"]
[Black "Wharton, Kayode"]
[Result "0-1"]
[WhiteElo "1966"]
[BlackElo "1760"]
[PlyCount "56"]
[EventDate "2023.07.22"]
[EventType "swiss"]
[EventRounds "10"]
[EventCountry "CAN"]
[SourceTitle "EXT 2024"]
[Source "ChessBase"]
[SourceDate "2023.10.10"]
[SourceVersion "1"]
[SourceVersionDate "2023.10.10"]
[SourceQuality "1"]

1. e4 e5 2. Nf3 Nc6 3. Bb5 a6 4. Ba4 b5 5. Bb3 h6 6. 0-0 Nf6 7. Re1 d6 8. c3 Bg4 9. d3 Be7 10. h3 Bh5 11. Nbd2 0-0 12. Nf1 Na5 13. Bc2 c5 14. Ng3 Bxf3 15. Qxf3 Nh7 16. Nf5 Bg5 17. Ne3 Nc6 18. g3 Ne7 19. Bb3 Ng6 20. Qh5 Kh8 21. Bxf7 Rxf7 22. Qxg6 Qd7 23. h4 Raf8 24. Re2 Qh3 25. Qxd6 Rf6 26. Qxe5 Bf4 27. Qxc5 Bxg3 28. fxg3 Rf1+ 0-1

[Event "Canadian op"]
[Site "Calgary"]
[Date "2023.07.22"]
[Round "1"]
[White "Bareev, Evgeny"]
[Black "Zhang, Brian"]
[Result "1-0"]
[WhiteElo "2631"]
[BlackElo "1966"]
[PlyCount "79"]
[EventDate "2023.07.22"]
[EventType "swiss"]
[EventRounds "10"]
[EventCountry "CAN"]
[SourceTitle "CBM 215 Extra"]
[Source "ChessBase"]
[SourceDate "2023.09.30"]
[SourceVersion "1"]
[SourceVersionDate "2023.09.30"]
[SourceQuality "1"]

1. d4 d5 2. c4 c6 3. Nf3 Nf6 4. e3 e6 5. b3 Nbd7 6. Bb2 Be7 7. Bd3 b6 8. Nbd2 Bb7 9. 0-0 0-0 10. Qe2 c5 11. Rac1 Rc8 12. Rfd1 cxd4 13. Nxd4 Re8 14. cxd5 Nxd5 15. Bb5 Bf6 16. Rxc8 Qxc8 17. Ne4 Be5 18. h3 Rd8 19. Nxe6 fxe6 20. Bxd7 Qxd7 21. Bxe5 Nf4 22. Nf6+ gxf6 23. Qg4+ Ng6 24. Rxd7 Rxd7 25. Qxe6+ Rf7 26. Bxf6 Nf8 27. Qg4+ Ng6 28. Bd4 Kf8 29. Qe6 Ne7 30. e4 Nc6 31. Be3 Re7 32. Bh6+ Ke8 33. Qg8+ Kd7 34. Bg5 Re6 35. Qxh7+ Ne7 36. f3 Kd6 37. h4 Bc6 38. h5 Be8 39. h6 Kd7 40. Qg7 1-0

[Event "Klatovy op-A 29th"]
[Site "Klatovy"]
[Date "2023.07.06"]
[Round "6"]
[White "Zhang, Brian"]
[Black "Folk, Petr"]
[Result "0-1"]
[WhiteElo "1966"]
[BlackElo "2131"]
[PlyCount "58"]
[EventDate "2023.07.01"]
[EventType "swiss"]
[EventRounds "9"]
[EventCountry "CZE"]
[SourceTitle "CBM 215 Extra"]
[Source "ChessBase"]
[SourceDate "2023.09.30"]
[SourceVersion "1"]
[SourceVersionDate "2023.09.30"]
[SourceQuality "1"]

1. e4 c5 2. Nf3 e6 3. d4 cxd4 4. Nxd4 a6 5. Nc3 Qc7 6. Bd3 Nf6 7. Be3 Nc6 8. Qe2 Be7 9. 0-0 0-0 10. f4 d6 11. Nb3 b5 12. g4 d5 13. exd5 Nxd5 14. Nxd5 exd5 15. c3 Bd6 16. Qf3 Re8 17. Nd4 Bc5 18. Bf2 Bb7 19. Rad1 b4 20. Nxc6 Qxc6 21. cxb4 Bxf2+ 22. Rxf2 Qb6 23. Qh3 g6 24. f5 Re3 25. Qh4 Rae8 26. Bf1 d4 27. fxg6 hxg6 28. Rd3 Qc6 29. Rg2 Rxd3 0-1

[Event "Balatonlelle Rigo Memorial op"]
[Site "Balatonlelle"]
[Date "2023.06.17"]
[Round "4"]
[White "Zhang, Brian"]
[Black "Mohamed, Anees M"]
[Result "0-1"]
[WhiteElo "1821"]
[BlackElo "2320"]
[PlyCount "86"]
[EventDate "2023.06.14"]
[EventType "swiss"]
[EventRounds "9"]
[EventCountry "HUN"]
[SourceTitle "CBM 214 Extra"]
[Source "ChessBase"]
[SourceDate "2023.07.31"]
[SourceVersion "1"]
[SourceVersionDate "2023.07.31"]
[SourceQuality "1"]

1. e4 c5 2. Nf3 e6 3. d4 cxd4 4. Nxd4 Nc6 5. Nc3 Qc7 6. Be3 a6 7. Bd3 Nf6 8. 0-0 b5 9. a3 Bb7 10. Kh1 h5 11. f4 h4 12. Nb3 h3 13. g3 d5 14. Kg1 b4 15. axb4 dxe4 16. Nxe4 Nxb4 17. Nxf6+ gxf6 18. Na5 Bg2 19. Rf2 Rd8 20. Rd2 Bc5 21. Qe2 Ba8 22. c3 Bxe3+ 23. Qxe3 Nxd3 24. Rxd3 Rxd3 25. Qxd3 Qb6+ 26. Qd4 Qxb2 27. Qa4+ Ke7 28. Qb4+ Qxb4 29. cxb4 Rc8 30. Ra2 Rc1+ 31. Kf2 Bd5 32. Rb2 Rh1 33. Ke3 Bg2 34. Nc4 Rxh2 35. Nd2 Bd5 36. Rb1 Rxd2 37. Kxd2 h2 38. Kc3 h1Q 39. Rxh1 Bxh1 40. Kd4 Kd6 41. g4 e5+ 42. fxe5+ fxe5+ 43. Kc4 f6 0-1

[Event "Mramorak Autumn Schev 2"]
[Site "Mramorak"]
[Date "2022.12.14"]
[Round "8.4"]
[White "Zhang, Brian"]
[Black "Andrejevic, Milorad"]
[Result "0-1"]
[WhiteElo "1697"]
[BlackElo "2192"]
[PlyCount "50"]
[EventDate "2022.12.11"]
[EventType "schev"]
[EventRounds "10"]
[EventCountry "SRB"]
[SourceTitle "CBM 211 Extra"]
[Source "ChessBase"]
[SourceDate "2023.01.31"]
[SourceVersion "1"]
[SourceVersionDate "2023.01.31"]
[SourceQuality "1"]
[WhiteTeam "Team B"]
[BlackTeam "Team A"]
[WhiteTeamCountry "SRB"]
[BlackTeamCountry "SRB"]

1. e4 d6 2. d4 e5 3. Nf3 exd4 4. Nxd4 Nf6 5. Nc3 Be7 6. Be3 0-0 7. Qd2 Nc6 8. 0-0-0 Ng4 9. Nxc6 bxc6 10. Bf4 Bf6 11. f3 Ne5 12. Be2 Be6 13. Kb1 Rb8 14. g4 Ng6 15. Be3 h6 16. f4 c5 17. f5 Rxb2+ 18. Kc1 Qb8 19. Bb5 Rxb5 20. Nxb5 Qxb5 21. Qd3 Bc4 22. Qa3 Rb8 23. Kd2 Bb2 24. Qxa7 Bc3+ 25. Kxc3 Qb4# 0-1

[Event "Mramorak Autumn Schev 2"]
[Site "Mramorak"]
[Date "2022.12.13"]
[Round "6.1"]
[White "Zhang, Brian"]
[Black "Saponja, Vladimir"]
[Result "0-1"]
[WhiteElo "1697"]
[BlackElo "1808"]
[PlyCount "118"]
[EventDate "2022.12.11"]
[EventType "schev"]
[EventRounds "10"]
[EventCountry "SRB"]
[SourceTitle "CBM 211 Extra"]
[Source "ChessBase"]
[SourceDate "2023.01.31"]
[SourceVersion "1"]
[SourceVersionDate "2023.01.31"]
[SourceQuality "1"]
[WhiteTeam "Team B"]
[BlackTeam "Team A"]
[WhiteTeamCountry "SRB"]
[BlackTeamCountry "SRB"]

1. e4 d6 2. d4 g6 3. Nc3 Bg7 4. Nf3 Nf6 5. Bf4 Nh5 6. Be3 c6 7. Qd2 Nd7 8. Bh6 0-0 9. h4 e5 10. 0-0-0 Qf6 11. Bg5 Qe6 12. d5 Qe8 13. dxc6 bxc6 14. Qxd6 Nb6 15. Be7 Bg4 16. Bxf8 Bxf8 17. Qd2 Rb8 18. a3 Nf4 19. Re1 Bc5 20. Nd1 Qe7 21. Qa5 h5 22. Ne3 Bxf3 23. gxf3 Ne6 24. c3 Nf4 25. b4 Bd6 26. Nc4 Bc7 27. Qxa7 Ra8 28. Qb7 Rb8 29. Qxc6 Nc8 30. Rd1 Ne6 31. Rd7 Qf6 32. Rxc7 Qf4+ 33. Ne3 Nxc7 34. Qxc7 Ra8 35. Qb7 Rxa3 36. Qxc8+ Kg7 37. Kb2 Ra7 38. Rg1 Kh7 39. Qf8 Qxf3 40. Rg2 Qxe4 41. Bc4 Qf4 42. Bd5 Qf6 43. b5 Qb6 44. Bxf7 Qxb5+ 45. Kc1 Ra1+ 46. Kd2 Qb2+ 47. Kd3 Qb1+ 48. Nc2 Qd1+ 49. Kc4 Qe2+ 50. Kd5 Ra5+ 51. Kd6 Qa6+ 52. Kc7 Qa7+ 53. Kc6 Qa6+ 54. Kd7 Qb7+ 55. Ke6 Qd5+ 56. Kf6 Qf3+ 57. Ke6 Qd5+ 58. Kf6 Ra6+ 59. Kg5 Qxg2# 0-1

[Event "Vienna Advent op"]
[Site "Vienna"]
[Date "2022.12.06"]
[Round "2"]
[White "Dotzer, Lukas"]
[Black "Zhang, Brian"]
[Result "1/2-1/2"]
[WhiteElo "2155"]
[BlackElo "1697"]
[PlyCount "91"]
[EventDate "2022.12.05"]
[EventType "tourn"]
[EventRounds "7"]
[EventCountry "AUT"]
[SourceTitle "CBM 211 Extra"]
[Source "ChessBase"]
[SourceDate "2023.01.31"]
[SourceVersion "1"]
[SourceVersionDate "2023.01.31"]
[SourceQuality "1"]

1. e4 c5 2. Nf3 d6 3. d4 cxd4 4. Nxd4 Nf6 5. Nc3 a6 6. Be3 e5 7. Nb3 Be6 8. f3 Be7 9. Qd2 Nbd7 10. g4 0-0 11. 0-0-0 b5 12. g5 Nh5 13. Nd5 Bxd5 14. exd5 f6 15. Na5 fxg5 16. Nc6 Qe8 17. Nxe7+ Qxe7 18. Bxg5 Qe8 19. Qb4 Nc5 20. Be3 Rxf3 21. Bxc5 dxc5 22. Qxc5 Rc8 23. Qb6 Nf4 24. Kb1 Qd7 25. Qxa6 Rf2 26. c3 Qf5+ 27. Ka1 Rxc3 28. bxc3 Qc2 29. Qa8+ Kf7 30. Qa7+ Kf8 31. Qxf2 Qxf2 32. Bxb5 Qe3 33. Kb2 Qf2+ 34. Kb3 Qc5 35. Bc4 Qb6+ 36. Kc2 Qc5 37. Bb3 Qf2+ 38. Rd2 Qf3 39. Re1 Ng2 40. Rxe5 Ne3+ 41. Kb2 Qf4 42. Rxe3 Qxe3 43. Kc2 Qe4+ 44. Kb2 Qf4 45. Re2 Qf3 46. Rd2 1/2-1/2

[Event "Quebec op"]
[Site "Laval"]
[Date "2022.09.04"]
[Round "5"]
[White "Nica, Ion"]
[Black "Zhang, Brian"]
[Result "0-1"]
[WhiteElo "1674"]
[BlackElo "1526"]
[PlyCount "94"]
[EventDate "2022.09.01"]
[EventType "swiss"]
[EventRounds "9"]
[EventCountry "CAN"]
[SourceTitle "CBM 210 Extra"]
[Source "ChessBase"]
[SourceDate "2022.11.30"]
[SourceVersion "1"]
[SourceVersionDate "2022.11.30"]
[SourceQuality "1"]

1. d4 d5 2. Nc3 Nf6 3. Bf4 g6 4. h4 Bg7 5. e3 h5 6. Bd3 c6 7. Qd2 Nbd7 8. Nce2 Ne4 9. Bxe4 dxe4 10. Nc3 f5 11. Nge2 0-0 12. g4 hxg4 13. h5 Qe8 14. hxg6 Qxg6 15. 0-0-0 Nf6 16. Ng3 Be6 17. Rh2 Bc4 18. b3 Ba6 19. Rdh1 e6 20. Be5 Kf7 21. Bxf6 Bxf6 22. Rh6 Qg8 23. Na4 b6 24. Rh7+ Ke8 25. Qb4 Rf7 26. R7h6 Kd7 27. d5 cxd5 28. Nc5+ bxc5 29. Qa5 Ke7 30. Qxa6 Qc8 31. Qa5 Kd6 32. R1h5 Qd8 33. Qd2 Kc6 34. a4 Rc8 35. Rh2 Kb7 36. Nh5 Be5 37. Rh1 Rc6 38. Ng3 Qd7 39. Ne2 a6 40. Nc3 d4 41. Rd1 Rd6 42. exd4 Rxd4 43. Qg5 Rxd1+ 44. Nxd1 Qd6 45. Qg6 Rd7 46. Rh1 Qd2+ 47. Kb1 Qxd1+ 0-1